[Event "Noisy le Grand-C 1st"]
[Site "Noisy le Grand"]
[Date "2008.12.27"]
[Round "2"]
[White "Sicard, Stephane"]
[Black "Bodin Hullin, Thomas"]
[Result "0-1"]
[WhiteElo "1774"]
[BlackElo "1852"]
[PlyCount "112"]
[EventDate "2008.12.26"]
[EventType "tourn"]
[EventRounds "5"]
[EventCountry "FRA"]
[SourceTitle "EXT 2010"]
[Source "ChessBase"]
[SourceDate "2010.11.25"]
[SourceVersion "1"]
[SourceVersionDate "2010.11.25"]
[SourceQuality "1"]

1. b3 Nf6 2. Bb2 d5 3. e3 Bf5 4. Nf3 e6 5. Nc3 c6 6. d4 Nbd7 7. Bd3 Bxd3 8. cxd3 Be7 9. 0-0 0-0 10. Qe2 Rc8 11. e4 dxe4 12. dxe4 Nb6 13. Rad1 Qc7 14. e5 Nfd5 15. g3 Nxc3 16. Bxc3 Nd5 17. Bd2 c5 18. Rc1 Qb6 19. dxc5 Bxc5 20. Ng5 Be7 21. Rxc8 Rxc8 22. Qh5 Bxg5 23. Bxg5 Qd4 24. Bh4 Rc2 25. Qg5 h6 26. Qd8+ Kh7 27. Qf8 Qxe5 28. Qxf7 Rc7 29. Qf3 Kg8 30. Bd8 Rf7 31. Qd3 Qf5 32. Qxf5 exf5 33. Rd1 Nc3 34. Rd2 f4 35. Ba5 Ne4 36. Rd8+ Kh7 37. f3 Ng5 38. gxf4 Rxf4 39. Bd2 Nxf3+ 40. Kg2 Nxd2 41. Rxd2 Rf7 42. Rd6 Rc7 43. Kg3 b6 44. b4 Rc3+ 45. Kf4 Rc4+ 46. Ke5 Rxb4 47. Rd7 Ra4 48. Ke6 Rxa2 49. h4 a5 50. Rb7 Rf2 51. h5 Rf6+ 52. Ke7 Rf5 53. Rxb6 Rxh5 54. Ke6 Rg5 55. Kf7 Rf5+ 56. Ke6 Rf6+ 0-1

[Event "Noisy le Grand-C 1st"]
[Site "Noisy le Grand"]
[Date "2008.12.26"]
[Round "1"]
[White "Bodin Hullin, Thomas"]
[Black "Vantet, Pascale"]
[Result "1-0"]
[WhiteElo "1852"]
[BlackElo "1755"]
[PlyCount "71"]
[EventDate "2008.12.26"]
[EventType "tourn"]
[EventRounds "5"]
[EventCountry "FRA"]
[SourceTitle "EXT 2010"]
[Source "ChessBase"]
[SourceDate "2010.11.25"]
[SourceVersion "1"]
[SourceVersionDate "2010.11.25"]
[SourceQuality "1"]

1. c4 Nf6 2. Nc3 e6 3. g3 c6 4. Bg2 d5 5. cxd5 exd5 6. d4 Bb4 7. Qc2 0-0 8. Nf3 Ne4 9. Bd2 Bxc3 10. Bxc3 f5 11. e3 Nd7 12. 0-0 Ndf6 13. b4 a6 14. a4 Bd7 15. Qb3 Kh8 16. Ne5 Qe8 17. Rfc1 Qh5 18. f3 Ng5 19. Rf1 Rad8 20. Nd3 Rfe8 21. Bd2 Nf7 22. Rfe1 g5 23. Bc3 Kg8 24. Nc5 Bc8 25. e4 fxe4 26. fxe4 dxe4 27. Nxe4 Ng4 28. h3 Rxe4 29. Rxe4 Nf6 30. g4 Qg6 31. Re2 h5 32. gxh5 Nxh5 33. Rae1 Nf6 34. d5 Nxd5 35. Re8+ Rxe8 36. Rxe8+ 1-0

[Event "Champigny sur Marne op"]
[Site "Champigny sur Marne"]
[Date "2007.03.01"]
[Round "1"]
[White "Keller, Christophe"]
[Black "Bodin Hullin, Thomas"]
[Result "1/2-1/2"]
[WhiteElo "2228"]
[BlackElo "1832"]
[PlyCount "66"]
[EventDate "2007.03.01"]
[EventType "swiss"]
[EventRounds "6"]
[EventCountry "FRA"]
[SourceTitle "CBM 117 Extra"]
[Source "ChessBase"]
[SourceDate "2007.05.09"]
[SourceVersion "1"]
[SourceVersionDate "2007.05.09"]
[SourceQuality "1"]

1. e4 e6 2. d4 d5 3. e5 c5 4. c3 Nc6 5. Nf3 Qb6 6. a3 a5 7. Bd3 cxd4 8. cxd4 Bd7 9. 0-0 Nxd4 10. Nxd4 Qxd4 11. Nc3 Qb6 12. Qe2 Ne7 13. Nb5 Bxb5 14. Bxb5+ Nc6 15. Be3 Bc5 16. Bxc5 Qxc5 17. Rfc1 Qb6 18. Rc3 0-0 19. Rh3 Nxe5 20. Qh5 h6 21. Qxe5 Qxb5 22. Rg3 f6 23. Qxe6+ Rf7 24. Re1 Qd7 25. Qe3 Kf8 26. Qc5+ Kg8 27. h4 Qc6 28. Qe3 Kf8 29. Rc1 Qd6 30. Qd4 Re7 31. Rd3 Rd8 32. g3 b6 33. Rcd1 Red7 1/2-1/2